00684 a2200217 4500003000700000005001700007008004100024020001800065040002500083041000800108050001700116100002400133245008000157260004600237300003500283336002800318337003000346338002700376650004000403650002300443CBULib20231113091028.0231113b |||||||| |||| 00| 0 eng d a9780199599462 bEnglishcCBULiberda aeng aBD 181.5 Gau aGauker, Christopher aWords and images : an essay on the origin of ideasc/ by Christopher Gauker bOxford University Press,c2011aOxford :  axii, 302 pages : illustrations 2rdacontentaText |btxt 2rdamediaaUnmediated |bn 2rdacarrieraVolumebnc 0aCOMPREHENSION (THEORY OF KNOWLEDGE) 0aIDEA (PHILOSOPHY)